Essential mathematics for life : (Record no. 102935)
[ view plain ]
| 000 -LEADER | |
|---|---|
| fixed length control field | 00511nam a2200169 a 4500 |
| 005 - DATE AND TIME OF LATEST TRANSACTION | |
| control field | 20140412111246.0 |
| 008 - FIXED-LENGTH DATA ELEMENTS--GENERAL INFORMATION | |
| fixed length control field | 010329s19uu xx 00 eng d |
| 020 ## - INTERNATIONAL STANDARD BOOK NUMBER | |
| International Standard Book Number | 0-673-24018-5 |
| 050 ## - LIBRARY OF CONGRESS CALL NUMBER | |
| Classification number | TR(GS 510 |
| Item number | CHA 1985 |
| 100 ## - MAIN ENTRY--PERSONAL NAME | |
| Personal name | Charuhas, Mary S. |
| 245 ## - TITLE STATEMENT | |
| Title | Essential mathematics for life : |
| Remainder of title | percent, graphs and measurement / |
| Statement of responsibility, etc | Mary S. Charuhas. |
| 250 ## - EDITION STATEMENT | |
| Edition statement | 2nd edition |
| 260 ## - PUBLICATION, DISTRIBUTION, ETC. (IMPRINT) | |
| Place of publication, distribution, etc | Glenview, Ill : |
| Name of publisher, distributor, etc | Scott, Foresman and Company, |
| Date of publication, distribution, etc | 1985. |
| 300 ## - PHYSICAL DESCRIPTION | |
| Extent | 164p. |
| 650 ## - SUBJECT ADDED ENTRY--TOPICAL TERM | |
| Topical term or geographic name as entry element | Mathematics |
| Withdrawn status | Lost status | Damaged status | Home library | Current library | Shelving location | Date acquired | Source of acquisition | Total Checkouts | Full call number | Barcode | Date last seen | Price effective from | Koha item type |
|---|---|---|---|---|---|---|---|---|---|---|---|---|---|
| Elizalde Library | Elizalde Library | Teachers Reference Section | 03/29/2001 | TR(GS 510 CHA 1985 | E3327 | 04/12/2014 | 04/12/2014 | Books |